Powiaty na literę Ś - Statystyki

Ogólne statystyki
  • Ten quiz został rozwiązany 319 razy
  • Średni wynik to 9 z 10
Statystyki odpowiedzi
Województwo Powiat % Poprawnych
wielkopolskie śremski
95%
dolnośląskie świdnicki
95%
lubelskie świdnicki
95%
dolnośląskie średzki
91%
wielkopolski średzki
91%
kujawsko-pomorskie świecki
90%
śląskie Świętochłowice
89%
zachodniopomorskie Świnoujście
89%
lubuskie świebodziński
87%
zachodniopomorskie świdwiński
83%
Nie znaleziono quizów pasujących do podanych kryteriów
Rozkład punktacji
Procent ludzi z każdym wynikiem
Percentyl według liczby udzielonych odpowiedzi
Twoja historia wyników
Nie rozwiązałeś tego quizu